10 most spoken Languages - Statistics

General Stats
  • This quiz has been taken 296 times
  • The average score is 8 of 10
Answer Stats
Total Speakers Language % Correct
1.348 mln English
100%
1.120 mln Mandarin Chinese
98%
543 mln Spanish
97%
267 mln French
93%
600 mln Hindi
91%
274 mln Arabic (standard)
88%
258 mln Russian
86%
230 mln Urdu
64%
268 mln Bengali
60%
258 mln Portugese
38%
No matching quizzes found
Score Distribution
Percent of People with Each Score
Percentile by Number Answered
Your Score History
You have not taken this quiz